00634nam a2200181Ia 4500008004100000020001800041050002300059100001900082245010500101250001100206260002200217300001800239650002600257650002800283942001200311952011200323999001700435120626s9999 xx 000 0 und d a84-241-8397-504aTX725.C6 H873 20051 aHSIUNG, Deh-ta10aEl sabor de ChinacDeh-ta Hsiung, coaut. Nina Simonds, coaut. Kay Halsey, trad. Eulalia Vidal Jubert a1 a Ed aEspañabEverest a261 páginas17aGASTRONOMÍA - CHINA17aGASTRONOMÍA - RECETAS 2ddccLB 00104070a07b07d2010-07-11l1oTX725.C6 H873 2005p07 000115r2019-11-06s2019-11-04t1w2012-06-26yLB c66819d66819